000 00529nam a2200133Ia 4500
008 100328s9999 xx 000 0 und d
082 _b36009
100 _aनाईक राजीव आणि तापास विजय इ.
245 _aरङगनायक अरविंद देशपांडे
260 _bअविष्कार
630 _aरङगनायक अरविंद देशपांडे
730 _aरङगनायक अरविंद देशपांडे
942 _cBOOK
999 _c525747
_d525744